[Event "R5 Ste Foy-Colomiers"]
[Site "?"]
[Date "2003.04.06"]
[Round "7"]
[White "Charruyer, Baptiste"]
[Black "Pelissier, Daniel"]
[Result "0-1"]
[WhiteElo "1299"]
[BlackElo "1360"]
[EventDate "2003.??.??"]
[PlyCount "64"]

1.d4 d5 2.Nf3 Nf6 3.e3 Bg4 4.Nbd2 e6 5.h3 Bh5 6.c3 Be7 7.Be2 O-O 8.Bd3 c5 
9.g4 Bg6 10.Bxg6 fxg6 11.Ne5 Nbd7 12.f3 Nxe5 13.dxe5 Nd7 14.f4 h6 15.Nf3 
Bh4+ 16.Kf1 Nb6 17.b3 g5 18.Ba3 gxf4 19.Bxc5 Rf7 20.exf4 Rxf4 21.Ke2 Re4+ 
22.Kd2 Bg5+ 23.Kc2 Nd7 24.Bd6 Rc8 25.Qd3 Re3 26.Qf1 Rcxc3+ 27.Kb2 Rxf3 28.
Qe2 Qb6 29.Rhf1 Rxb3+ 30.Kc2 Rfc3+ 31.Kd1 Qd4+ 32.Ke1 Bh4+ 0-1

[Event "R5 Ste Foy-Colomiers"]
[Site "?"]
[Date "2003.04.06"]
[Round "7"]
[White "Boulogne, Laurent"]
[Black "Hantisse, Alain"]
[Result "0-1"]
[WhiteElo "1620"]
[BlackElo "1850"]
[EventDate "2003.??.??"]
[PlyCount "66"]

1.c4 Nf6 2.g3 e5 3.Bg2 Nc6 4.Nc3 g6 5.e3 Bg7 6.Nge2 O-O 7.d4 exd4 8.exd4 
Re8 9.O-O d6 10.h3 Rb8 11.a3 Ne7 12.d5 Bd7 13.Nd4 Nf5 14.Nxf5 Bxf5 15.Re1 
a6 16.g4 Rxe1+ 17.Qxe1 Bd3 18.Bf1 Bxf1 19.Qxf1 Qd7 20.Be3 h5 21.g5 Nh7 22.
Qg2 Qf5 23.Rc1 Re8 24.b4 Be5 25.c5 Bf4 26.h4 Rxe3 27.fxe3 Bxe3+ 28.Kh1 
Bxc1 29.cxd6 cxd6 30.Ne4 Qxd5 31.Nxd6 Qxg2+ 32.Kxg2 Bxa3 33.b5 Bxd6 0-1

[Event "R5 Montech-Millau"]
[Site "?"]
[Date "2003.04.06"]
[Round "7"]
[White "Truong, Thierry"]
[Black "Calvignac, Maurice"]
[Result "0-1"]
[WhiteElo "1380"]
[BlackElo "1570"]
[EventDate "2003.??.??"]
[PlyCount "116"]

1.c4 e5 2.Nc3 Nf6 3.Nf3 Nc6 4.g3 Bc5 5.Bg2 a6 6.O-O d6 7.h3 O-O 8.e3 Rb8 
9.a3 Be6 10.d3 Qc8 11.Ng5 Bd7 12.Kh2 h6 13.Nf3 Re8 14.b4 Bb6 15.Bb2 Ne7 
16.d4 exd4 17.Nxd4 c6 18.Nf3 Bc7 19.Ng1 Be6 20.Qe2 Nd7 21.Rad1 Ne5 22.Rd4 
Nf5 23.Re4 d5 24.cxd5 cxd5 25.Nxd5 Bxd5 26.Rxe5 Bxg2 27.Rxe8+ Qxe8 28.Kxg2
Be5 29.Bxe5 Qxe5 30.Rd1 Qe4+ 31.Qf3 Qc2 32.Rd7 g6 33.Ne2 h5 34.Nd4 Qc8 35.
Qd5 Nh6 36.g4 hxg4 37.hxg4 Qe8 38.Kg3 b5 39.e4 Kf8 40.Nc6 Rc8 41.g5 Ng8 
42.f4 Kg7 43.e5 Kf8 44.Qd6+ Kg7 45.e6 Rxc6 46.Qxc6 Ne7 47.Qb7 Nf5+ 48.Kh2 
Qxe6 49.Rd2 Qe3 50.Qg2 Qxf4+ 51.Kg1 Qe3+ 52.Qf2 Qxg5+ 53.Qg2 Qe3+ 54.Rf2 
Nh4 55.Qf1 f5 56.Qa1+ Kh6 57.Qb2 Kg5 58.Qd2 Nf3+ 0-1

[Event "R5 Montauban/Castel-Moissac"]
[Site "?"]
[Date "2003.04.06"]
[Round "7"]
[White "Jourda, Dominique"]
[Black "Haddab, Roland"]
[Result "1/2-1/2"]
[WhiteElo "1470"]
[BlackElo "1630"]
[EventDate "2003.??.??"]
[PlyCount "112"]

1.e4 e5 2.Nf3 Nc6 3.Bc4 Nf6 4.O-O Be7 5.Re1 d6 6.c3 Bg4 7.d3 O-O 8.Nbd2 
Na5 9.Bb3 Nxb3 10.Qxb3 b6 11.d4 Nd7 12.Kh1 a5 13.a4 c6 14.Ng1 Be6 15.Qc2 
f5 16.f3 f4 17.b3 Bh4 18.Re2 Qf6 19.Bb2 Qh6 20.Nf1 Rf6 21.dxe5 Nxe5 22.c4 
Rg6 23.Bxe5 dxe5 24.Rd1 Qg5 25.Rdd2 Qe7 26.Qb2 Bf6 27.Qc2 Rc8 28.Qd1 Rd8 
29.Rxd8+ Qxd8 30.Qxd8+ Bxd8 31.g3 h6 32.Rd2 Bc7 33.Rd3 Bf7 34.Ne2 Rd6 35.
Nc1 Rxd3 36.Nxd3 b5 37.Nd2 bxc4 38.Nxc4 fxg3 39.hxg3 Bxc4 40.bxc4 Bd6 41.
c5 Bc7 42.Kg2 g5 43.Kh3 Kg7 44.g4 Kf6 45.Nb2 Ke6 46.Kg2 Kf6 47.Kg3 Kg6 48.
Nc4 h5 49.gxh5+ Kxh5 50.Nb2 Kg6 51.Kg4 Kf6 52.Kh5 Bd8 53.Nd3 Be7 54.Kg4 
Ke6 55.Kg3 Kf6 56.Kg4 Bf8 1/2-1/2

[Event "R5-A-Muret Gambit/Condom"]
[Site "?"]
[Date "2003.04.06"]
[Round "7.2"]
[White "Spadounakis, Serge"]
[Black "Vitrou, Jonathan"]
[Result "0-1"]
[WhiteElo "1490"]
[BlackElo "1850"]
[EventDate "2003.05.25"]
[PlyCount "50"]
[SourceDate "2003.05.25"]

1.e4 e5 2.Nf3 Nf6 3.Nxe5 d6 4.Nf3 Nxe4 5.Qe2 Qe7 6.d3 Nf6 7.Bg5 Bg4 8.Nbd2
Nbd7 9.O-O-O O-O-O 10.Re1 Re8 11.Qxe7 Bxe7 12.Be2 d5 13.d4 Bd6 14.Bd3 c6 
15.c3 h6 16.Bh4 Nh5 17.h3 Be6 18.Bg3 Nxg3 19.fxg3 Bxg3 20.Re2 Re7 21.Nf1 
Bd6 22.Ne3 Bf4 23.Kd1 Bxh3 24.Nxd5 Rxe2 25.Nxf4 Bxg2 0-1

[Event "R5-A-Condom/Muret Gambit"]
[Site "?"]
[Date "2003.04.06"]
[Round "7.1"]
[White "Aspinall, John"]
[Black "Camilleri, Herve"]
[Result "0-1"]
[WhiteElo "1790"]
[BlackElo "1660"]
[EventDate "2003.05.25"]
[PlyCount "76"]
[SourceDate "2003.05.25"]

1.d3 d5 2.Nf3 Nc6 3.Nbd2 Bg4 4.e4 e6 5.c3 Nf6 6.Be2 dxe4 7.dxe4 Bc5 8.b4 
Be7 9.Qc2 h6 10.O-O O-O 11.a3 e5 12.Re1 Qd7 13.b5 Na5 14.Nxe5 Qe6 15.Nxg4 
Nxg4 16.h3 Nxf2 17.Kxf2 Qb6+ 18.Kg3 Qd6+ 19.e5 Qxe5+ 20.Kf3 Qf6+ 21.Ke4 
Qg6+ 22.Ke3 Bg5+ 23.Kf2 Qxc2 24.Nf3 Bf6 25.Bd2 Nb3 26.Bd1 Qb2 27.Bxb3 Qxb3
28.Reb1 Qc2 29.Rc1 Qd3 30.Rd1 Rfe8 31.Kg1 Rad8 32.Rac1 Re2 33.c4 Bd4+ 34.
Kh1 Qg6 35.Nh4 Qe4 36.Nf3 Bb2 37.Rb1 Rdxd2 38.Rxd2 Qxb1+ 0-1

[Event "R5-A-Fleurance/Vic"]
[Site "?"]
[Date "2003.04.06"]
[Round "7.5"]
[White "Vallee Patetif, Francine"]
[Black "Reignier, Richard"]
[Result "1-0"]
[WhiteElo "1540"]
[BlackElo "1199"]
[EventDate "2003.05.25"]
[PlyCount "82"]
[SourceDate "2003.05.25"]

1.e4 e5 2.Nf3 Nf6 3.Nc3 Nc6 4.Bb5 a6 5.Bxc6 bxc6 6.Nxe5 d5 7.exd5 cxd5 8.
Qe2 Qe7 9.d4 Bg4 10.f3 Bd7 11.Bg5 h6 12.Bxf6 gxf6 13.Nxd5 Bb5 14.c4 Bxc4 
15.Nxc4 Qxe2+ 16.Kxe2 Rd8 17.Nxc7+ Kd7 18.Nxa6 Kc8 19.Rhd1 Bg7 20.Rac1 
Rhe8+ 21.Kf2 Re6 22.Ne3+ Kb7 23.Nc5+ Kb6 24.Nxe6 fxe6 25.b3 e5 26.dxe5 
Rxd1 27.Rxd1 fxe5 28.Nc4+ Kc5 29.Ke3 h5 30.Ke4 Kb4 31.Rd3 h4 32.a4 h3 33.
gxh3 Bf8 34.Nxe5 Bc5 35.h4 Bf8 36.h5 Kc5 37.Nd7+ Kb4 38.Nxf8 Ka5 39.h6 Kb4
40.h7 Ka5 41.h8=Q Kb6 1-0

[Event "R5-A-CEIT/Castel-Moissac"]
[Site "?"]
[Date "2003.04.06"]
[Round "7.5"]
[White "Pueyo, Jean Luc"]
[Black "Castro, Jean Pierre"]
[Result "0-1"]
[WhiteElo "1440"]
[BlackElo "1320"]
[EventDate "2003.05.25"]
[PlyCount "60"]
[SourceDate "2003.05.25"]

1.d4 Nf6 2.c4 e6 3.Bg5 Be7 4.Nc3 b6 5.Nf3 Bb7 6.e3 d5 7.cxd5 Nxd5 8.Bxe7 
Qxe7 9.Bd3 Nxc3 10.bxc3 O-O 11.O-O Nd7 12.Qe2 f5 13.Bc4 c5 14.Rfd1 Nf6 15.
Ne5 Ne4 16.Rac1 Rfd8 17.f3 Ng5 18.Qb2 Nf7 19.f4 Nxe5 20.fxe5 Re8 21.Qb3 
Kh8 22.Qb1 Qg5 23.Qc2 Qxe3+ 24.Kh1 Qg5 25.a3 Be4 26.Qa2 f4 27.Rd2 f3 28.
Bxe6 fxg2+ 29.Kg1 Qe3+ 30.Rf2 Qxc1+ 0-1

[Event "R5-A-Condom/Muret Gambit"]
[Site "?"]
[Date "2003.04.06"]
[Round "7.3"]
[White "Pagnoncelli, Herve"]
[Black "Sylvain, Christophe"]
[Result "1-0"]
[WhiteElo "1830"]
[BlackElo "1470"]
[EventDate "2003.05.25"]
[PlyCount "91"]
[SourceDate "2003.05.25"]

1.d4 c6 2.c4 g6 3.Nc3 Bg7 4.e4 d6 5.f4 c5 6.d5 Bxc3+ 7.bxc3 Qc7 8.Nf3 Bg4 
9.Bd3 Nd7 10.O-O Rb8 11.h3 Bxf3 12.Qxf3 Nb6 13.Kh1 Qd7 14.e5 f5 15.exf6 
exf6 16.f5 g5 17.Qh5+ Qf7 18.Re1+ Ne7 19.Qf3 Nd7 20.Re6 Ne5 21.Qe2 O-O 22.
Rxd6 Nc8 23.Re6 Re8 24.Bc2 Rxe6 25.fxe6 Qe7 26.Bxg5 fxg5 27.Qxe5 Nd6 28.
Rf1 Rd8 29.Bd3 b6 30.Qg3 h6 31.Qf3 Rf8 32.Qh5 Rxf1+ 33.Bxf1 Kg7 34.Bd3 Qe8
35.Qg4 Qe7 36.h4 Qf6 37.Qg3 Qxc3 38.Qxd6 Qe1+ 39.Bf1 Qxf1+ 40.Kh2 Qf4+ 41.
Qxf4 gxf4 42.Kg1 b5 43.cxb5 Kf6 44.Kf2 Ke7 45.Ke2 Kd6 46.Kd3 1-0

[Event "Open Condom"]
[Site "?"]
[Date "2003.07.12"]
[Round "1"]
[White "Tsifanskaya, Ludmila A"]
[Black "Larand, Manuel"]
[Result "1/2-1/2"]
[WhiteElo "2235"]
[BlackElo "2082"]
[EventDate "2003.07.12"]
[PlyCount "40"]

1.e4 d6 2.d4 Nf6 3.Nc3 g6 4.g3 {Un des systemes contre la Pirc.} 4...Bg7 
5.Bg2 O-O 6.Nge2 e5 7.h3 c6 
    ( 7...Nc6 {est l'autre grande ligne. Les noirs vont jouer ed4 puis Fd7
    et Te8 tandis que les blancs feront Cxd4, Fe3 et 0-0.} )
8.a4 a5 9.Be3 Na6 10.O-O Nb4 11.f4 exd4 12.Bxd4 Be6 13.g4 
    ( 13.b3 {C'est ce qu'ont joue les blancs avec cet ordre de coups.} )
13...Bc4 14.Re1 Qc7 $146 {La partie Vajda Levente - Dumitrache Dragos 
Bucharest 1998 s'est poursuivi par:} 
    ( 14...d5 15.e5 Ne4 16.Nxe4 dxe4 17.b3 Bd3 18.cxd3 exd3 19.Bc5 dxe2 
    20.Qxe2 $16 {et 1-0 au 30 eme coup} )
15.Ng3 Rfd8 16.b3 Ba6 17.g5 Ne8 18.Bxg7 Nxg7 19.Rc1 Qb6+ 20.Kh2 Qf2 $13 {
ou =} 1/2-1/2

[Event "Championnat de France - Open B"]
[Site "AIX LES BAINS"]
[Date "2003.08.26"]
[Round "7.5"]
[White "Grego, Pierre"]
[Black "Bouhana, Paul-Alexandre"]
[Result "0-1"]
[WhiteElo "1923"]
[BlackElo "1840"]
[EventDate "2003.??.??"]
[PlyCount "57"]

1.g3 d5 2.Bg2 Nf6 3.Nf3 e6 
    ( 3...Bf5 4.O-O e6 {eut donne aux Noirs un systeme de Londres, grande 
    specialite de Paul-Alex. avec un temps de moins et les couleurs 
    inversees.} )
4.d4 c5 5.c3 {peu ambitieux.} 
    ( 5.O-O Nc6 6.c4 {est une variante de l'ouverture Catalane (gambit de 
    la dame avec g3 et foug2).} )
5...Nc6 6.O-O Bd6 7.Nbd2 O-O 8.Re1 Bd7 9.h3 
    ( 9.e4 $5 )
9...Rc8 10.dxc5 Bxc5 11.e4 Qb6 12.Re2 dxe4 13.Nc4 {Diagramme #} 13...exf3 
$1 14.Nxb6 fxe2 15.Qxe2 Bxb6 $17 16.Be3 Bxe3 17.Qxe3 Nd5 18.Qe2 Na5 19.Rd1
Bc6 20.Qd3 
    ( 20.b4 $2 Nxc3 )
20...Nf6 21.Bxc6 Nxc6 22.Qb5 Rc7 23.Qc5 h6 24.b4 Nd5 25.b5 b6 $1 26.Qa3 
Na5 $19 {La pseudo-offensive blanche sur l'aile dame a ete habilement 
contenue par notre champion minime et il ne reste que des ruines et des 
cases faibles chez son adversaire.} 27.Rd3 Rfc8 28.Qd6 Nc4 29.Rxd5 $2 {
desespoir ou zeitnot...} 0-1

[Event "Championnat de France - Open B"]
[Site "AIX LES BAINS"]
[Date "2003.08.27"]
[Round "8.18"]
[White "Pokee, Anne-Josephe"]
[Black "Forestie, Pierre"]
[Result "1-0"]
[WhiteElo "1870"]
[BlackElo "1970"]
[EventDate "2003.??.??"]
[PlyCount "31"]

1.e4 e5 2.Nf3 Nc6 3.d4 exd4 4.Bc4 {Le gambit Ecossais, arme fetiche de 
notre championne de Midi-Pyrenees.} 4...Bc5 
    ( 4...Nf6 {La transposition dans la partie Italienne , defense des 2 
    cavaliers, est consideree comme plus prometteuse avec deux grandes 
    suites blanches:} 5.O-O 
        ( {ou} 5.e5 d5 6.Bb5 Ne4 7.Nxd4 Bd7 8.Bxc6 bxc6 9.O-O Bc5 10.f3 
        Ng5 11.Be3 Bb6 )
    5...Nxe4 6.Re1 d5 7.Bxd5 Qxd5 8.Nc3 Qa5 9.Nxe4 Be6 10.Neg5 O-O-O )
    ( {Il faut noter que} 4...Be7 {n'a pas tres bonne reputation} 5.c3 $5 
    dxc3 
        ( 5...d3 $14 )
    6.Qd5 Nh6 7.Bxh6 O-O 8.Bxg7 
        ( 8.Bc1 $2 Nb4 $1 9.Qd1 c2 $15 )
    8...Kxg7 9.Nxc3 $14 )
5.Ng5 
    ( 5.c3 {est plus frequent} 5...dxc3 6.Bxf7+ Kxf7 7.Qd5+ Ke8 8.Qh5+ g6 
    9.Qxc5 $13 )
5...Ne5 $2 
    ( 5...Nh6 $1 {est la suite recommandee et ne laisse theoriquement 
    aucun avantage aux Blancs apres} 6.Nxf7 Bb4+ 
        ( {ou encore} 6...Nxf7 7.Bxf7+ Kxf7 8.Qh5+ g6 9.Qxc5 Qe7 $11 )
    7.c3 Nxf7 8.Bxf7+ Kxf7 9.cxb4 Qe7 $13 {mais je soupconne Anne-Josephe 
    d'aimer ce type de positions avec sa dame active et le roi noir 
    quelque peu depouille...} )
6.Nxf7 Nxf7 7.Bxf7+ Kxf7 8.Qh5+ Kf8 9.Qxc5+ Qe7 
    ( 9...d6 {developpe un peu.} )
10.Qxd4 Nf6 11.Nc3 h6 12.e5 d6 13.Bf4 Bf5 14.O-O-O dxe5 15.Bxe5 Kf7 16.Qf4
    ( 16.Qf4 Rhe8 17.Qxf5 Qxe5 18.Rd7+ Kf8 19.Qxe5 Rxe5 20.Rxc7 {etait une
    suite plausible et deprimante pour les Noirs.} )
1-0

[Event "Nationale IV"]
[Site "?"]
[Date "2003.10.12"]
[Round "1.8"]
[White "Nougayrede, Jean-Louis"]
[Black "Cwiek, Francoise"]
[Result "1-0"]
[WhiteElo "1670"]
[BlackElo "1010"]
[EventDate "2003.??.??"]
[Annotator "Lardenne-Montauban"]
[PlyCount "54"]

1.d4 d5 2.Nf3 e6 3.g3 Nf6 4.Bg2 Bd6 5.O-O O-O 6.Bg5 b6 7.Nbd2 Nbd7 8.Re1 
h6 9.Bxf6 Nxf6 10.c3 c5 11.Qc2 Re8 12.e4 e5 13.dxe5 Bxe5 14.Nxe5 Rxe5 15.
f4 Re8 16.Rad1 Bg4 17.Nf3 Nxe4 18.Rd3 Bxf3 
    ( 18...Nxg3 19.hxg3 Bf5 20.Qd2 Bxd3 21.Qxd3 )
    ( 18...Nf6 )
19.Bxf3 Qe7 20.Rde3 
    ( 20.Rxd5 )
20...f5 21.Qg2 Rad8 
    ( 21...Kh8 )
22.g4 g6 
    ( 22...d4 23.cxd4 cxd4 24.Rd3 Qh4 25.Red1 Nf6 )
23.gxf5 Kf7 24.Qxg6+ Kf8 25.Bxe4 Qh4 
    ( 25...dxe4 26.f6 )
26.Rg3 Ke7 27.Qe6+ Kf8 1-0

[Event "Nationale IV"]
[Site "?"]
[Date "2003.10.12"]
[Round "1.7"]
[White "Tran, Vinh Loc"]
[Black "Petat, Yannick"]
[Result "0-1"]
[WhiteElo "1440"]
[BlackElo "1700"]
[EventDate "2003.??.??"]
[Annotator "Lardenne-Montauban"]
[PlyCount "82"]

1.e4 e6 2.d4 d5 3.Be3 dxe4 4.Nc3 Nf6 5.Bb5+ Bd7 6.Nge2 Bd6 7.Qd2 a6 8.Bc4 
O-O 9.Bg5 Bc6 10.O-O-O Be7 11.Rhg1 Bd5 12.Nxd5 exd5 13.Bb3 c6 14.f3 Nbd7 
15.Ng3 Re8 16.h4 g6 17.Rdf1 Bd6 18.Ne2 Qc7 19.c4 b6 20.Qc3 dxc4 21.Bxc4 
Nd5 22.Qb3 b5 23.Bxd5 cxd5+ 24.Kb1 Nb6 25.Nc3 Qc4 26.Qxc4 bxc4 27.fxe4 
dxe4 28.Nxe4 Rxe4 29.Rf6 Re6 30.Rgf1 Nd5 31.Rxf7 Rf8 32.Rxf8+ Bxf8 33.Rc1 
h6 34.Bd2 Re2 35.Ba5 Rxg2 36.Rxc4 Rg1+ 37.Rc1 Rxc1+ 38.Kxc1 Be7 39.Be1 Kf7
40.a4 Ke6 41.b4 Nxb4 0-1

[Event "Nationale IV"]
[Site "?"]
[Date "2003.10.12"]
[Round "1.5"]
[White "Reynes, Philippe"]
[Black "De Jong, Arjen"]
[Result "1/2-1/2"]
[WhiteElo "1690"]
[BlackElo "1810"]
[EventDate "2003.??.??"]
[Annotator "Lardenne-Montauban"]
[PlyCount "80"]

1.d4 Nf6 2.e3 g6 3.Bd3 Bg7 4.f4 O-O 5.Nf3 d6 6.O-O Nbd7 7.c3 Re8 8.Qb3 e6 
9.e4 b6 10.e5 Nd5 11.Be4 Rb8 12.Bxd5 exd5 13.exd6 c6 14.f5 Nf6 15.fxg6 
hxg6 16.Bf4 Bd7 17.Be5 Bf8 18.Ng5 Bf5 19.Nd2 Bxd6 20.Ndf3 Rb7 21.Rae1 Ne4 
22.Bxd6 Qxd6 23.Nxe4 Bxe4 24.Ng5 Rbe7 25.Rxe4 Rxe4 26.Nxe4 Rxe4 27.Qa4 a5 
28.Qb3 b5 29.a4 Qd7 30.axb5 cxb5 31.Qa3 Re2 32.Qxa5 Rxb2 33.Qa3 Re2 34.Qb3
Kg7 35.Qd1 Qe6 36.Qd3 Rb2 37.Qf3 b4 38.cxb4 Rxb4 39.Qc3 Rc4 40.Qd3 Qg4 
1/2-1/2

[Event "Nationale IV"]
[Site "?"]
[Date "2003.10.12"]
[Round "1.4"]
[White "Hoareau, Nicolas"]
[Black "Parpinel, Mario"]
[Result "0-1"]
[WhiteElo "1890"]
[BlackElo "1730"]
[EventDate "2003.??.??"]
[Annotator "Lardenne-Montauban"]
[PlyCount "71"]

1.c4 e5 2.Nc3 f5 3.g3 Nc6 4.Bg2 Nf6 5.Nf3 d6 6.d4 e4 7.Ng5 h6 8.Nh3 g5 9.
f3 exf3 10.exf3 Bg7 11.O-O O-O 12.Re1 Re8 13.Be3 d5 14.cxd5 Nxd5 15.Nxd5 
Qxd5 16.f4 Qd8 17.Qb3+ Kh8 18.d5 Nd4 19.Qd3 Ne6 20.fxg5 Nxg5 21.Nxg5 hxg5 
22.Bd4 Bd7 23.Qc3 Bxd4+ 24.Qxd4+ Kh7 25.Rad1 Kg6 26.Qc3 Rc8 27.Qb4 b6 28.
Bf1 Rxe1 29.Rxe1 Qf6 30.Re7 a5 31.Qe1 Qd4+ 32.Kh1 Qxd5+ 33.Bg2 Qd6 34.Qe2 
Rh8 35.Kg1 Kf6 36.Bf1 $4 0-1

[Event "Nationale IV"]
[Site "?"]
[Date "2003.10.12"]
[Round "1.3"]
[White "Videau, Yannick"]
[Black "Forestié, Pierre"]
[Result "1/2-1/2"]
[WhiteElo "1840"]
[BlackElo "1940"]
[EventDate "2003.??.??"]
[Annotator "Lardenne-Montauban"]
[PlyCount "42"]

1.d4 d5 2.c4 e6 3.Nc3 Nf6 4.Bg5 Be7 5.Nf3 h6 6.Bh4 b6 7.e3 O-O 8.Qc2 Ba6 
9.Ne5 dxc4 10.Bxc4 Bxc4 11.Nxc4 Nbd7 12.O-O c5 13.dxc5 Nxc5 14.Rad1 Qc8 
15.Nd6 Qc6 16.Nce4 Rfd8 17.Nxf6+ Bxf6 18.Bxf6 gxf6 19.Nxf7 Kxf7 20.Qh7+ 
Ke8 21.Qg8+ Ke7 1/2-1/2

[Event "Nationale IV"]
[Site "?"]
[Date "2003.10.12"]
[Round "1.2"]
[White "Gregory, Daniel"]
[Black "Surre, Fréderic"]
[Result "1-0"]
[WhiteElo "2046"]
[BlackElo "1860"]
[EventDate "2003.??.??"]
[Annotator "Lardenne-Montauban"]
[PlyCount "54"]

1.e4 e5 2.f4 exf4 3.Bc4 d6 4.Nf3 Be7 5.O-O Nf6 6.Nc3 O-O 7.d4 Be6 8.Bd3 c5
9.d5 Bg4 10.Bxf4 Nbd7 11.Qd2 Bxf3 12.Rxf3 Ng4 13.Rff1 Nde5 14.Be2 c4 15.
Kh1 g5 16.Bg3 h5 17.Bxe5 Nxe5 18.Bxh5 Kg7 19.Ne2 Rh8 20.Ng3 g4 21.Qf4 Bg5 
22.Qf5 Bh4 23.Kg1 Bxg3 24.hxg3 Qe7 25.Bxg4 Rh6 26.Bh3 Rah8 27.g4 Qc7 {
tombe} 1-0

[Event "Nationale IV"]
[Site "?"]
[Date "2003.10.12"]
[Round "1.1"]
[White "Cwiek, Loic"]
[Black "Zarrouati, Pierre"]
[Result "1-0"]
[WhiteElo "2046"]
[BlackElo "2169"]
[EventDate "2003.??.??"]
[Annotator "Lardenne-Montauban"]
[PlyCount "87"]

1.Nf3 Nf6 2.d4 g6 3.c4 Bg7 4.Nc3 d6 5.e4 O-O 6.Be2 Nbd7 7.O-O e5 8.Qc2 Re8
9.Rd1 h6 10.h3 
    ( 10.dxe5 Nxe5 11.Nxe5 Rxe5 )
10...exd4 11.Nxd4 Nc5 12.Bf3 a5 13.Nb3 Ncd7 14.Be3 Qe7 15.Nb5 a4 16.Nxc7 
axb3 17.Qxb3 Ra6 18.Nxe8 Qxe8 
    ( 18...Nxe8 )
19.Re1 Qe5 20.Rad1 Nc5 21.Bxc5 Qxc5 22.e5 $1 Nd7 23.Rd5 Qb6 24.Qxb6 Nxb6 
    ( 24...Rxb6 )
25.Rxd6 Nd7 26.Rxa6 bxa6 27.e6 fxe6 28.Rxe6 Nf6 29.Rb6 Kh7 30.Rc6 Bb7 31.
Rxf6 Bxf6 32.Bxb7 Bxb2 33.Bxa6 Kg7 34.f3 Kf6 35.Kf2 Ke5 36.Ke3 Bc1+ 37.Kd3
Ba3 38.Bb7 g5 39.Ke3 Bc1+ 40.Kf2 Ba3 41.Kg3 Kd4 42.Bd5 h5 43.h4 Bd6+ 44.
Kh3 1-0

[Event "N4B1 Lardenne - Montauban"]
[Site "?"]
[Date "2003.10.12"]
[Round "1.6"]
[White "Lecoultre, Patrick"]
[Black "Ohayon, Jérôme"]
[Result "0-1"]
[WhiteElo "1780"]
[BlackElo "1670"]
[EventDate "2003.??.??"]
[PlyCount "46"]

1.e4 c5 2.Nc3 Nc6 3.f4 e6 4.Nf3 Nge7 5.Bc4 g6 6.O-O Bg7 7.Qe1 O-O 8.d3 d5 
9.Bb3 a6 10.a4 b6 11.Qh4 Bb7 12.f5 dxe4 13.Ng5 h6 14.Nxe6 fxe6 15.Bxe6+ 
Kh7 16.dxe4 gxf5 17.Rd1 Qe8 18.Nd5 Ng6 19.Bxf5 Rxf5 20.Qg4 Rf7 21.Ra3 Nce5
22.Qh5 Bc8 23.Bg5 Bg4 0-1

[Event "N4B1 Castres - Rodez"]
[Site "?"]
[Date "2003.10.12"]
[Round "1.7"]
[White "Sandel, Frieder"]
[Black "Cuq, Christian"]
[Result "0-1"]
[WhiteElo "1499"]
[BlackElo "1530"]
[EventDate "2003.??.??"]
[PlyCount "96"]

1.d4 d5 2.Nf3 Bf5 3.c4 e6 4.Nc3 Nf6 5.Bg5 Be7 6.e3 c6 7.Be2 Nbd7 8.O-O h6 
9.Bh4 Rc8 10.c5 Nh7 11.Bg3 Ndf6 12.Ne5 O-O 13.f3 Nd7 14.Nxd7 Qxd7 15.e4 
dxe4 16.fxe4 Bg6 17.Bg4 Nf6 18.Bf3 Rfd8 19.Bf2 Qe8 20.Qb3 Rd7 21.Rad1 Qf8 
22.Qa4 b5 23.Qa3 Rb8 24.b4 Rbd8 25.Qb3 a6 26.d5 exd5 27.exd5 Nxd5 28.Nxd5 
cxd5 29.Bxd5 Kh8 30.a3 Bc2 31.Qxc2 Rxd5 32.Rxd5 Rxd5 33.Rd1 Qd8 34.Rxd5 
Qxd5 35.Be3 Qe5 36.Qc1 Bd8 37.g3 h5 38.c6 h4 39.Bf4 Bb6+ 40.Kf1 Qd4 41.Kg2
Qe4+ 42.Kh3 hxg3 43.hxg3 Qh7+ 44.Kg4 g6 45.Be5+ Kg8 46.Qg5 Qh1 47.c7 f5+ 
48.Kf4 Qe4# 0-1

[Event "N4B1 Castres - Rodez"]
[Site "?"]
[Date "2003.10.12"]
[Round "1.6"]
[White "Gond, Christophe"]
[Black "Buiten, Herman"]
[Result "0-1"]
[WhiteElo "1499"]
[BlackElo "1499"]
[EventDate "2003.??.??"]
[PlyCount "76"]

1.e4 c5 2.Bc4 Nc6 3.Nc3 d6 4.h3 g6 5.Nf3 a6 6.Ng5 e6 7.Nf3 b5 8.Be2 Bg7 9.
a3 Nf6 10.d3 O-O 11.O-O Bb7 12.Be3 Qc7 13.Qd2 Ne7 14.Rab1 e5 15.b3 d5 16.
exd5 Nexd5 17.Nxd5 Nxd5 18.Bh6 Rfe8 19.Bxg7 Kxg7 20.c3 Rad8 21.d4 Nf4 22.
Rfe1 exd4 23.c4 Nxe2+ 24.Rxe2 Rxe2 25.Qxe2 Bxf3 26.Qxf3 Re8 27.Rc1 Qb8 28.
Qc6 Qf4 29.Rf1 bxc4 30.bxc4 Re6 31.Qxc5 d3 32.g3 Qe4 33.Qb4 Qe2 34.Qc3+ 
Kh6 35.Qc1+ d2 36.Qd1 Qxd1 37.Rxd1 Re1+ 38.Rxe1 dxe1=Q+ 0-1

[Event "N4B1 Castres - Rodez"]
[Site "?"]
[Date "2003.10.12"]
[Round "1.5"]
[White "Brugel, Francis"]
[Black "De Biasi, Robert"]
[Result "0-1"]
[WhiteElo "1499"]
[BlackElo "1680"]
[EventDate "2003.??.??"]
[PlyCount "136"]

1.Nf3 Nc6 2.d4 Nf6 3.c4 e6 4.Nc3 d5 5.c5 Be7 6.a3 Bd7 7.e3 a6 8.Bd3 b6 9.
b4 b5 10.O-O O-O 11.Bb2 g6 12.Qc2 Nh5 13.Ne2 Bf6 14.Rfe1 Bg7 15.Rad1 f5 
16.Nf4 Nf6 17.Ng5 Qe7 18.f3 Nh5 19.Nxh5 gxh5 20.f4 h6 21.Nf3 Rf7 22.Qf2 
Be8 23.Nh4 Rf6 24.Be2 Qf7 25.Rd3 Kf8 26.Bf3 Rd8 27.Qe2 Rd7 28.Bxh5 Qxh5 
29.Qxh5 Bxh5 30.Bc3 Bh8 31.Ra1 Be2 32.Rd2 Bc4 33.Rb2 Rg7 34.Be1 Ke8 35.Nf3
Rg8 36.Bh4 Rfg6 37.g3 Bf6 38.Kf2 Bxh4 39.Nxh4 Rf6 40.Nf3 Kd7 41.Nd2 Rff8 
42.Ke1 h5 43.Nf3 Rg4 44.Kd2 Rfg8 45.Kc3 Ke7 46.Rg1 h4 47.Ng5 hxg3 48.hxg3 
Rh8 49.Rbg2 Nd8 50.Nf3 Nf7 51.Kd2 Rg7 52.Kc3 Nh6 53.Rh2 Nf7 54.Rhg2 Rgh7 
55.Nh4 Kf6 56.Kd2 Nh6 57.Ke1 Ng4 58.Kd2 c6 59.Re1 Ra8 60.Kc2 a5 61.Kc3 
axb4+ 62.axb4 Ra3+ 63.Kd2 Rha7 64.Rgg1 Ra2+ 65.Kc1 Ra1+ 66.Kd2 R1a2+ 67.
Kc1 Nf2 68.Kb1 Nd3 0-1

[Event "N4B1 Castres - Rodez"]
[Site "?"]
[Date "2003.10.12"]
[Round "1.4"]
[White "Donadille, Romuald"]
[Black "Bottu, Eric"]
[Result "1-0"]
[WhiteElo "1740"]
[BlackElo "1499"]
[EventDate "2003.??.??"]
[PlyCount "89"]

1.e4 c5 2.Nf3 Nc6 3.d4 cxd4 4.Nxd4 e6 5.Nc3 d6 6.g3 Be7 7.Bg2 a6 8.O-O Qc7
9.f4 Nf6 10.f5 O-O 11.Kh1 Bd7 12.Be3 Ne5 13.Bh3 Nc4 14.Qc1 e5 15.Nf3 Bc6 
16.b3 Nb6 17.Bxb6 Qxb6 18.Qe1 Rac8 19.Rd1 Rfe8 20.Bg2 Ng4 21.Rd3 Nf6 22.
Nd2 Qc7 23.Qe2 b5 24.b4 a5 25.a3 axb4 26.axb4 Ra8 27.g4 h6 28.h4 Nh7 29.
Rh3 Qb7 30.Nb3 Reb8 31.Na5 Qb6 32.Nxc6 Qxc6 33.Nd5 Bd8 34.Qd2 Ra2 35.Rc3 
Qb7 36.g5 h5 37.g6 Nf6 38.Nxf6+ Bxf6 39.gxf7+ Kxf7 40.Qxd6 Ra7 41.Rd1 Re8 
42.Bf3 Rh8 43.Qe6+ Kf8 44.Rc8+ Qxc8 45.Qxc8+ 1-0

[Event "N4B1 Castres - Rodez"]
[Site "?"]
[Date "2003.10.12"]
[Round "1.3"]
[White "Le Doare, William"]
[Black "Donadille, Guy"]
[Result "0-1"]
[WhiteElo "1730"]
[BlackElo "1700"]
[EventDate "2003.??.??"]
[PlyCount "32"]

1.e4 e6 2.d4 d5 3.e5 c5 4.c3 Nc6 5.Nf3 Qb6 6.Be2 cxd4 7.cxd4 Bb4+ 8.Kf1 
Bd7 9.h4 h6 10.Rh3 O-O-O 11.Na3 Nge7 12.Nc2 Ng6 13.h5 Nf8 14.Ng1 Be7 15.b3
a6 16.Rc3 Nh7 {Une seule feuille. suite illisible [0-1]} 0-1

[Event "N4B1 Castres - Rodez"]
[Site "?"]
[Date "2003.10.12"]
[Round "1.2"]
[White "Besset, Thierry"]
[Black "Le Doare, Bernard"]
[Result "0-1"]
[WhiteElo "1760"]
[BlackElo "1800"]
[EventDate "2003.??.??"]
[PlyCount "74"]

1.e4 Nf6 2.e5 Nd5 3.d4 d6 4.Nf3 Bg4 5.Be2 e6 6.O-O Be7 7.c4 Nb6 8.Nc3 O-O 
9.b3 a5 10.Ba3 Nc6 11.exd6 cxd6 12.c5 dxc5 13.dxc5 Nd5 14.Nxd5 exd5 15.Rc1
Re8 16.h3 Bh5 17.Qd2 Bxf3 18.Bxf3 Bg5 19.Qxd5 Qxd5 20.Bxd5 Bxc1 21.Bxc1 
Re5 22.Bc4 Rxc5 23.Bb2 b5 24.Ba3 Nb4 25.Be2 Re8 26.Bf3 Rc2 27.Bxb4 axb4 
28.Rd1 g6 29.Ra1 h5 30.a4 bxa4 31.Rxa4 Re1+ 32.Kh2 Rxf2 33.Kg3 Rb2 34.Rxb4
Re3 35.Rb8+ Kh7 36.b4 Reb3 37.Rb6 Rxb4 0-1